000 01063nam a22002537a 4500
005 20170124103041.0
010 _aB-066131
020 _c150.00
_a8173151628
035 _aB-066131
037 _bCen Lib/Ret
040 _aDPL
_bHN
082 _a
_bसाम्प्रदा
245 _aसाम्प्रदायिक सदभाव की कहानियां /
_cसंपादक गिरिराज शरण
246 _aSampradayik sadbhav ki kahaniyan /
_bsampadak Giriraj sharan
260 _aनयी दिल्ली
_bप्रभात प्रकाशन
_c2002
270 _bनयी दिल्ली
_a4/19, असफ अली रोड,
_e110002
300 _a159पृ.
_c21सेमी (सजिल्द)
650 _aहिन्दी साहित्य
_967366
650 _aकहानियां
_967367
650 _aHindi literature
_967368
650 _aStories
_97500
700 _aशरण, गिरिराज
_943761
942 _2ddc
_cHN
_h
_mसाम्प्रदा
999 _c116606
_d116606